| 000 | 00535nam a2200121Ia 4500 | ||
|---|---|---|---|
| 008 | 160712s9999 xx 000 0 und d | ||
| 100 | _aSales, Marlon James. | ||
| 245 |
_cMarlon James Sales _aLa intertextualidad como recurso en la lingüística misionera: El prefacio del Arte y reglas de la lengua tagala (1610) de fray Francisco Blancas de San José |
||
| 260 |
_c2015 _bHumanities Diliman |
||
| 300 | _avol. 12 no. 2 | ||
| 650 | _xHUMANITIES | ||
| 856 | _uhttp://journals.upd.edu.ph/index.php/humanitiesdiliman/issue/view/502/showToc | ||
| 999 |
_c297041 _d297041 |
||